000
00285 a2200145 4500
001
155702
040
_c
Escola São Tomás de Aquino
100
_a
BOCAGE
240
1
0
_a
Bocage
_l
por
245
1
0
_a
Bocage
300
_a
107
362
0
_a
1980
697
_a
GENERALIDADES
942
_c
BK
999
_c
155702
_d
155702